| 000 | 01221cam1a220024100 4500 | ||
|---|---|---|---|
| 001 | tmp15472242 | ||
| 003 | UPRA | ||
| 005 | 20190830105306.0 | ||
| 008 | 950823s1967 ii eng u | ||
| 035 | _a(Sirsi) r112742 | ||
| 035 | _a(UPRA)tmp15472242 | ||
| 040 | _cUPRA | ||
| 100 | 1 |
_aPandey, R. K. _6A74256.1 |
|
| 245 | 1 | 0 |
_aExhaustive commentaries on Madhya Pradesh Co-operative Societies Act, 1960 (Act no. 17 of 1961) : _bwith allied acts, rules and notifications etc. / _cby R.K. Pandey and N.K. Pandey. |
| 250 |
_a2nd rev. and enl. ed. / with a foreword by Kailash Nath Katju. _b2nd rev. and enl. ed. / with a foreword by Kailash Nath Katju. |
||
| 260 |
_aJabalpur : _bM.P. Law House, _c1967. |
||
| 500 | _aIncludes legislation. | ||
| 650 | 0 |
_aCooperative societies -- Madhya Pradesh -- India -- Law. _zCooperative societies -- Madhya Pradesh -- India -- Law. _zCooperative societies -- Madhya Pradesh -- India -- Law. _xCooperative societies -- Madhya Pradesh -- India -- Law. _6S55430.1 |
|
| 700 | 1 |
_aPandey, N. K. _6A74257.1 |
|
| 710 | 1 |
_aMadhya Pradesh (India). Laws, etc. _tMadhya Pradesh (India). Laws, etc. _6A74258.1 |
|
| 949 |
_aKF2911 _wlcc _i33729001492904 _mMAIN _p2500 _tBOOK _lON-SHELF |
||
| 004 | 112742 | ||
| 999 |
_c186632 _d186632 |
||